| 000 | 01817pam a2200409 a 4500 | ||
|---|---|---|---|
| 001 | 15093844 | ||
| 005 | 20071220105426.0 | ||
| 008 | 071127s2007 enka | b 001 0 eng d | ||
| 010 | _a2007282242 | ||
| 015 |
_aGBA726050 _2bnb |
||
| 016 | 7 |
_a013708987 _2Uk |
|
| 020 | _a9780521871228 (hbk.) | ||
| 020 | _a0521871220 (hbk.) | ||
| 020 | _a9780521691611 (pbk.) | ||
| 020 | _a0521691613 (pbk.) | ||
| 035 | _a(OCoLC)ocn123113784 | ||
| 040 |
_aUKM _cUKM _dBAKER _dBTCTA _dYDXCP _dBWKUK _dDLC |
||
| 042 |
_aukblcatcopy _alccopycat |
||
| 050 | 0 | 0 |
_aJZ1242 _b.M54 2007 |
| 082 | 0 | 4 |
_a327 _222 _bMIL |
| 100 | 1 |
_aMiller, Benjamin, _d1953- _915658 |
|
| 245 | 1 | 0 |
_aStates, Nations, and the Great Powers : _bThe Sources of Regional War and Peace / _cBenjamin Miller. |
| 260 |
_aCambridge : _bCambridge University Press, _c2007. |
||
| 300 |
_axviii, 500 p. : _bill. ; _c24 cm. |
||
| 490 |
_aCambridge studies in international relations ; _v104 _915659 |
||
| 504 | _aIncludes bibliographical references (p. 448-488) and index. | ||
| 541 | _aBacca ; | ||
| 650 | 0 |
_aInternational relations. _915660 |
|
| 650 | 0 |
_aWorld politics _y1945-1989. _915661 |
|
| 650 | 0 |
_aWorld politics _y1989- _915662 |
|
| 856 | 4 | 2 |
_3Contributor biographical information _uhttp://www.loc.gov/catdir/enhancements/fy0805/2007282242-b.html |
| 856 | 4 | 2 |
_3Publisher description _uhttp://www.loc.gov/catdir/enhancements/fy0805/2007282242-d.html |
| 856 | 4 | 1 |
_3Table of contents only _uhttp://www.loc.gov/catdir/enhancements/fy0805/2007282242-t.html |
| 942 |
_2ddc _cBB |
||
| 999 |
_c14329 _d14329 |
||